Advanced Instrumentation Technology For Pharmaceutical Analysis/ (Record no. 205059)

MARC details
000 -LEADER
fixed length control field 00717nam a22002057a 4500
005 - DATE AND TIME OF LATEST TRANSACTION
control field 20240816102228.0
010 ## - LCCN (DPL NO)
LC control number ENG-141064
020 ## - INTERNATIONAL STANDARD BOOK NUMBER
Terms of availability 249.00
International Standard Book Number 9789357417754
035 ## - SYSTEM CONTROL NUMBER
System control number EN-124596
037 ## - SOURCE OF ACQUISITION
Source of stock number/acquisition DBAD
082 ## - DEWEY DECIMAL CLASSIFICATION NUMBER
Classification number 621.38
Edition number 1
100 ## - MAIN ENTRY--PERSONAL NAME
Personal name Indulatha, V.N
245 ## - TITLE STATEMENT
Title Advanced Instrumentation Technology For Pharmaceutical Analysis/
Statement of responsibility, etc By V.N Indulatha [and] R. Priyadarsini
250 ## - EDITION STATEMENT
Edition statement 1
260 ## - PUBLICATION, DISTRIBUTION, ETC. (IMPRINT)
Place of publication, distribution, etc Uttar Pradesh
Name of publisher, distributor, etc BLUEROSE PUBLISHERS
Date of publication, distribution, etc 2023
270 ## - ADDRESS
City Uttar Pradesh
Address ABL Workspaces, B-6, Amaltash Marg, Block B, Sector 4, Noida, Uttar Pradesh
Postal code 201301
300 ## - PHYSICAL DESCRIPTION
Extent 145p.
Dimensions 20cm(pbk)
700 ## - ADDED ENTRY--PERSONAL NAME
Personal name Priyadarsini, R.
Relator term Author
9 (RLIN) 70078
942 ## - ADDED ENTRY ELEMENTS (KOHA)
Source of classification or shelving scheme Dewey Decimal Classification
Classification part 621.38
Item type English Books
Call number suffix IND
Edition 1
Holdings
Withdrawn status Lost status Not for loan Collection code Home library Current library Date acquired Source of acquisition Cost, normal purchase price Full call number Barcode Copy number Cost, replacement price Koha item type
      Non-fiction Janak Puri Janak Puri 16/08/2024 Delivery of Books Act Division 249.00 621.38 IND EN-124596 1 249.00 English Books

© Delhi Public Library
Hit Counter
free hit counter